[Event "Challenge"]
[Site "http://www.queenalice.com/game.php?id=166373"]
[Date "2007.2.10"]
[Round "-"]
[White "rcbartz"]
[Black "CaptainJester"]
[Result "0-1"]
[WhiteElo "787"]
[BlackElo "1492"]

1. g4 e5 2. e4 d5 3. f3 dxe4 4. fxe4 Qh4+ 5. Ke2 Bxg4+ 6. Nf3 Bxf3+ 7. Kxf3 Qh5+
8. Kf2 Qxd1 9. h4 Qxc1 10. Nc3 Qxa1 11. Bg2 Qxb2 12. Bf3 Qxc2 13. Rh3 Qxd2+ 14.
Kg3 Qxc3 15. Kg2 Nc6 16. Bg4 Qd2+ 17. Be2 Qxe2+ 18. Kh1 O-O-O 19. Ra3 Rd1# 0-1

[Event "Challenge"]
[Site "http://www.queenalice.com/game.php?id=166392"]
[Date "2007.2.10"]
[Round "-"]
[White "rcbartz"]
[Black "Cristianopesoa"]
[Result "0-1"]
[WhiteElo "817"]
[BlackElo "1135"]

1. g4 e5 2. c3 Bc5 3. Bh3 Nf6 4. g5 Ne4 5. Bf5 Nxf2 6. Bxd7+ Bxd7 7. e3 Nxd1 8.
Kxd1 Bg4+ 9. Ke1 Qxg5 10. Nh3 Bxh3 11. a3 Qg2 12. b4 Qxh1+ 13. Ke2 e4 14. Bb2
Qf1# 0-1

[Event "AUTO-OPEN-551"]
[Site "http://www.queenalice.com/game.php?id=166403"]
[Date "2007.2.10"]
[Round "1"]
[White "rcbartz"]
[Black "Mikalus"]
[Result "0-1"]
[WhiteElo "787"]
[BlackElo "1683"]

1. f4 e5 2. f5 d6 3. c4 Bxf5 4. h3 Nf6 5. Nf3 Nc6 6. Qa4 Bd7 7. Qb5 Nd4 8. Qb4
Nc2+ 9. Kf2 Nxb4 10. d3 d5 11. Nxe5 Bc5+ 12. Ke1 Nc2+ 13. Kd1 Nxa1 14. cxd5 Nxd5
15. Nxd7 Qxd7 16. h4 Ne3+ 17. Kd2 O-O 18. Ke1 Nac2+ 19. Kd2 Bd4 20. Nc3 c5 21.
Rh3 Nxf1+ 22. Kxc2 Rfe8 23. e4 b5 24. Rg3 Nxg3 25. Bf4 Nh5 26. Bg5 Qg4 27. Nxb5
Qxg2+ 28. Kb1 Qxb2# 0-1

[Event "AUTO-OPEN-551"]
[Site "http://www.queenalice.com/game.php?id=166430"]
[Date "2007.2.10"]
[Round "1"]
[White "carloswecker"]
[Black "rcbartz"]
[Result "1-0"]
[WhiteElo "1894"]
[BlackElo "787"]

1. c4 Nc6 2. Nf3 e6 3. d4 Bd6 4. e3 a5 5. c5 Qf6 6. cxd6 cxd6 7. Nc3 h5 8. Nb5
b6 9. Nc7+ Kf8 10. Nxa8 Na7 11. Nxb6 Rh6 12. Bd3 Bb7 13. Nxd7+ Ke7 14. Nxf6 Rxf6
15. O-O Bd5 16. e4 Bc6 17. Bg5 Bb5 18. Bxf6+ Kxf6 19. e5+ dxe5 20. dxe5+ Ke7 21.
Bxb5 Nh6 22. Qd7+ Kf8 23. Qd8# 1-0

[Event "AUTO-OPEN-551"]
[Site "http://www.queenalice.com/game.php?id=166431"]
[Date "2007.2.10"]
[Round "1"]
[White "rcbartz"]
[Black "carloswecker"]
[Result "0-1"]
[WhiteElo "787"]
[BlackElo "1821"]

1. f4 d5 2. c3 Nf6 3. Qa4+ Bd7 4. d4 Bxa4 5. b3 Bb5 6. Bd2 e6 7. a4 Bd7 8. Nf3
c5 9. dxc5 Bxc5 10. Na3 Qb6 11. h4 Bf2+ 12. Kd1 Qxb3+ 13. Kc1 Ne4 14. Nb5 Bxb5
15. axb5 Qxb5 16. Ne5 Nxd2 17. Kxd2 Qb2+ 18. Kd1 Qxa1+ 19. Kd2 Qb2+ 20. Kd1 Nc6
21. Nxc6 bxc6 22. Rh3 Qb1+ 23. Kd2 Qe1+ 24. Kc2 Rb8 0-1

[Event "Challenge"]
[Site "http://www.queenalice.com/game.php?id=168299"]
[Date "2007.2.13"]
[Round "-"]
[White "rcbartz"]
[Black "syairazi_suni"]
[Result "0-1"]
[WhiteElo "787"]
[BlackElo "1905"]

1. c4 e5 2. d4 exd4 3. Qxd4 Nf6 4. Qe5+ Be7 5. Bg5 Nc6 6. Nc3 Nxe5 7. f3 O-O 8.
Nd5 Nxd5 9. cxd5 Bxg5 10. Rd1 d6 11. Rd4 Ng6 12. Nh3 Bxh3 0-1

[Event "Challenge"]
[Site "http://www.queenalice.com/game.php?id=168300"]
[Date "2007.2.13"]
[Round "-"]
[White "rcbartz"]
[Black "fgarcia"]
[Result "0-1"]
[WhiteElo "792"]
[BlackElo "1174"]

1. d4 Nf6 2. f3 c6 3. c4 Na6 4. a3 b5 5. Bf4 bxc4 6. Nc3 Nd5 7. Bb8 Rxb8 8. Qa4
Rxb2 9. Nxd5 cxd5 10. h4 Qb6 11. Rh3 Rb1+ 12. Rxb1 Qxb1+ 13. Kd2 Qxf1 14. Rg3
Qxg1 15. Rg5 Qxd4+ 16. Ke1 Qxh4+ 17. Kf1 Qxg5 18. e4 Qc1+ 19. Kf2 dxe4 20. Ke2
exf3+ 21. Kxf3 Bb7+ 22. Kg3 e5 0-1

[Event "Challenge"]
[Site "http://www.queenalice.com/game.php?id=168302"]
[Date "2007.2.13"]
[Round "-"]
[White "rcbartz"]
[Black "Skovtrolden"]
[Result "0-1"]
[WhiteElo "787"]
[BlackElo "1530"]

1. c4 Nf6 2. d4 e5 3. Qd3 Nc6 4. dxe5 Nxe5 5. Qa3 Bxa3 6. bxa3 O-O 7. Be3 Nfg4
8. Bc5 Qf6 9. Nf3 Nxf3+ 10. Kd1 Qxa1 11. exf3 Qxb1+ 12. Ke2 Re8+ 13. Kd2 d6 14.
Bxd6 Qb2+ 15. Kd3 Nxf2# 0-1

[Event "Challenge"]
[Site "http://www.queenalice.com/game.php?id=168304"]
[Date "2007.2.13"]
[Round "-"]
[White "rcbartz"]
[Black "Slazenger"]
[Result "0-1"]
[WhiteElo "805"]
[BlackElo "1100"]

1. d4 d5 2. c3 Nc6 3. f4 Bf5 4. h4 Nf6 5. Qa4 Bd7 6. Rh3 Bxh3 7. gxh3 e6 8. b3
Ne4 9. Nf3 Be7 10. Qxc6+ bxc6 11. Ba3 Bxh4+ 12. Nxh4 Qxh4+ 13. Kd1 Qxf4 14. Bg2
Nf2+ 15. Kc2 Qe3 16. Nd2 Qxe2 17. Rd1 Qxd1+ 18. Kb2 Nd3# 0-1

[Event "Challenge"]
[Site "http://www.queenalice.com/game.php?id=168813"]
[Date "2007.2.14"]
[Round "-"]
[White "rcbartz"]
[Black "Toru"]
[Result "0-1"]
[WhiteElo "792"]
[BlackElo "1548"]

1. e4 c5 2. Bc4 Nc6 3. Nf3 d6 4. c3 Nf6 5. Qa4 Bd7 6. d3 Ne5 7. Bb5 Nxf3+ 8. Ke2
Ne5 9. Bf4 Bxb5 10. Qxb5+ Qd7 11. Qa5 b6 12. Qa3 Qg4+ 13. Kd2 Qxf4+ 14. Kc2
Qxf2+ 15. Kc1 Nxd3+ 16. Kd1 Nxb2+ 17. Kc1 Nd3+ 18. Kd1 g6 19. Re1 Nb2+ 20. Qxb2
Qxb2 21. Re3 Qxa1 22. Kc2 Qxa2+ 23. Kd1 Qxb1+ 24. Kd2 Bh6 25. Ke2 Bxe3 26. Kxe3
Qxe4+ 27. Kf2 Ng4+ 28. Kf1 Qe3 29. h3 Qf2# 0-1

[Event "Challenge"]
[Site "http://www.queenalice.com/game.php?id=168814"]
[Date "2007.2.14"]
[Round "-"]
[White "rcbartz"]
[Black "jdmacguffin"]
[Result "0-1"]
[WhiteElo "787"]
[BlackElo "1419"]

1. e4 c5 2. Bc4 Nc6 3. Qh5 g6 4. Qxc5 d6 5. Nh3 Nf6 6. Qg5 Bg7 7. Nf4 Nxe4 8. h4
Nxg5 9. Rh3 Nxh3 10. Nxh3 Nd4 11. d3 Nxc2+ 12. Kd2 Nxa1 13. Bb5+ Bd7 14. Bxd7+
Qxd7 15. Nf4 Rc8 16. Nd5 Qc6 17. Nxe7 Qxc1+ 18. Ke2 Rc2+ 19. Nd2 Rxd2+ 20. Ke3
Nc2+ 21. Kf3 Rxd3+ 22. Ke4 Rd4+ 23. Kf3 Qd1+ 24. Kg3 Kxe7 25. f4 Rd3+ 26. Kh2
Qg4 27. f5 Qg3+ 28. Kg1 Rd1# 0-1

[Event "Challenge"]
[Site "http://www.queenalice.com/game.php?id=169723"]
[Date "2007.2.16"]
[Round "-"]
[White "rcbartz"]
[Black "LeoDZeppelin"]
[Result "0-1"]
[WhiteElo "787"]
[BlackElo "1642"]

1. e4 e5 2. Bb5 Bc5 3. Qh5 Qf6 4. Nf3 c6 5. Nxe5 Qxf2+ 6. Kd1 g6 7. Nxg6 Nf6 8.
Nxh8 Nxh5 9. d3 cxb5 10. Bg5 d6 11. Nc3 Be3 12. Nd5 Qd2# 0-1

[Event "Challenge"]
[Site "http://www.queenalice.com/game.php?id=169725"]
[Date "2007.2.16"]
[Round "-"]
[White "rcbartz"]
[Black "Random314"]
[Result "0-1"]
[WhiteElo "787"]
[BlackElo "1291"]

1. d4 f5 2. Bf4 e6 3. Qd3 Nc6 4. Qb3 Nxd4 5. Qe3 Nxc2+ 6. Kd1 Nxe3+ 7. Bxe3 c5
8. Bxc5 Bxc5 9. e3 d5 10. Bd3 Qb6 11. Nc3 Qxb2 12. Bb1 Qxa1 13. Kc1 Qxc3+ 14.
Kd1 b6 15. Nf3 Ba6 16. Re1 Bb4 17. Nd2 Qxd2# 0-1

[Event "Challenge"]
[Site "http://www.queenalice.com/game.php?id=169730"]
[Date "2007.2.16"]
[Round "-"]
[White "rcbartz"]
[Black "SGF"]
[Result "0-1"]
[WhiteElo "787"]
[BlackElo "1509"]

1. d4 Nc6 2. Qd3 e6 3. f4 Qh4+ 4. Kd1 Bb4 5. g3 Qf6 6. Bd2 a5 7. Nf3 Nh6 8. Ng5
g6 9. Qe3 Nxd4 10. Qd3 Ng4 11. Qc3 Bxc3 12. Bxc3 Nf2+ 13. Ke1 Nxh1 14. Na3 e5
0-1